| 000 | 00559nam a2200145Ia 4500 | ||
|---|---|---|---|
| 008 | 230917s9999||||xx |||||||||||||| ||und|| | ||
| 040 |
_e187306 _aMAIN |
||
| 041 | _aEnglish | ||
| 082 | _a891.433721 GV959:SR | ||
| 100 | _aसोनी, रमेश, सम्पादक | ||
| 245 | 0 | _aसमकालीन सोच के समर्थ रचनाकार विलास गुप्ते : इस सफर में | |
| 260 |
_aनई दिल्ली _bनवराज प्रकाशन _c2001 |
||
| 300 | _a198 पृ. p. | ||
| 942 | _cHN | ||
| 999 |
_c158128 _d158128 |
||